| 000 | 00635nam a2200265Ia 4500 | ||
|---|---|---|---|
| 008 | 160716s9999||||xx |||||||||||||| ||und|| | ||
| 040 | _cEnglish | ||
| 082 | _aXIC/Kanal | ||
| 082 | _bBORI-47061 | ||
| 100 | _aS. P. Kanal | ||
| 245 | 4 | _aThe Philosophy Of Religion | |
| 260 | _bLotus Publisher | ||
| 300 | _aXiii+480 | ||
| 300 | _cB | ||
| 300 | _eHardbound | ||
| 530 | _u00047061.pdf | ||
| 563 | _aStudy | ||
| 600 | _aS. P. Kanal | ||
| 630 | _aThe Philosophy Of Religion | ||
| 650 | _aGeneral Indology | ||
| 650 | _aPhilosophy | ||
| 700 | _aS. P. Kanal | ||
| 730 | _aThe Philosophy Of Religion | ||
| 942 | _cBOOK | ||
| 999 |
_c1396123 _d1396120 |
||